LEADER 01762nam a2200229 i 4500 001 000000014062 003 CaOOAMICUS 005 20231025094909.0 008 180830s18241837it u000 u ita u 040 $aSeMil$bita 100 1 $aPozzi, Giovanni,$d<1769-1839>.$0(OLS)http://semarc/name/89540 245 10$aSupplimento al dizionario di fisica e chimica applicata alle arti secondo le dottrine di Libes, Chaptal, Berthollet e Parkes e giusta le teorie moderne ed i metodi i pił semplici introdottisi nei diversi processi chimici di Giovanni Pozzi .. 260 $aMilano :$bPresso l'editore Ranieri Fanfani,$c1824-1837. 300 $a2 v. ;$c8°. 500 $aIl v. 2, pubblicato nel 1837. - Non posseduto il vol. 2. 650 4$aFisica - Enciclopedie e dizionari.$0(OLS)http://semarc/subject/3923 650 4$aChimica - Enciclopedie e dizionari.$0(OLS)http://semarc/subject/44687 773 0 $aPozzi, Giovanni <1769-1839>$tDizionario di fisica e chimica applicata alle arti secondo le dottrine di Libes, Chaptal, Berthollet e Parkes e giusta le teorie moderne ed i metodi i pił semplici introdottisi nei diversi processi chimici di Giovanni Pozzi ... Con tavole in rame.$dMilano : Presso gli editori Batelli e Fanfani tipografi, calcografi e negozianti di stampe, 1820-1830.$w()5952 774 0 $aPozzi, Giovanni <1769-1839>$tTomo 1.$g1$w()258168 996 $6245$aSupplimento al dizionario di fisica e chimica applicata alle arti secondo le dottrine di Libes, Chaptal, Berthollet e Parkes e giusta le teorie moderne ed i metodi i pił semplici introdottisi nei diversi processi chimici di Giovanni Pozzi ..$9(OLS)http://semarc/title/401515 996 $6260$aMilano :$bPresso l'editore Ranieri Fanfani$9(OLS)http://semarc/publisher/56019 LEADER 01228nam a2200289 i 4500 001 000000125034 003 CaOOAMICUS 005 20051012000000.0 008 051012s1946 it u000 u ita u 013 $a97732 040 $aSeMil$bita 100 1 $aCroce, Benedetto,$d<1866-1952>.$0(OLS)http://semarc/name/618 245 13$aLa critica e la storia delle arti figurative :$bquestioni di metodo /$cBenedetto Croce. 250 $aSeconda edizione accresciuta. 260 $aBari :$bLaterza & Figli,$c1946. 300 $a296 p. ;$c21 cm. 490 0 $aBiblioteca di cultura moderna ;$v252 500 $aContiene : Nota bibliografica. - Fondo Ciprandi. 650 4$aArte - Storia.$0(OLS)http://semarc/subject/1739 650 4$aArte - Critica.$0(OLS)http://semarc/subject/10402 830 0$aBiblioteca di cultura moderna ;$v252.$0(OLS)http://semarc/title/639 850 $aSeMil 852 $aSeMil$W1$xVenegono$y1$m5R I 70$j79533$B79533$CSeMilBibl$Z2$F104261 $81 941 1 $a1 961 $aOmaggio: Ciprandi dott. Paolo 996 $6245$aLa critica e la storia delle arti figurative :$bquestioni di metodo$9(OLS)http://semarc/title/184103 996 $6260$aBari :$bLaterza & Figli$9(OLS)http://semarc/publisher/29663